Financial system in hun sem craing yov developmente, (ប្រព័ន្ធហិរញ្ញវប្បទាននៅមជ្ឍមណ្ឌលអភិវឌ្ឍន៍ហ៊ុនសែន ក្រាំងយូវ)nter, ( (Record no. 290)
[ view plain ]
| 000 -LEADER | |
|---|---|
| fixed length control field | 00512nam a22001337a 4500 |
| 003 - CONTROL NUMBER IDENTIFIER | |
| control field | OSt |
| 005 - DATE AND TIME OF LATEST TRANSACTION | |
| control field | 20150912114222.0 |
| 008 - FIXED-LENGTH DATA ELEMENTS--GENERAL INFORMATION | |
| fixed length control field | 150912b xxu||||| |||| 00| 0 eng d |
| 040 ## - CATALOGING SOURCE | |
| Transcribing agency | RUA |
| 100 ## - MAIN ENTRY--PERSONAL NAME | |
| 9 (RLIN) | 310 |
| Personal name | MAM, SITHA |
| 245 ## - TITLE STATEMENT | |
| Title | Financial system in hun sem craing yov developmente, (ប្រព័ន្ធហិរញ្ញវប្បទាននៅមជ្ឍមណ្ឌលអភិវឌ្ឍន៍ហ៊ុនសែន ក្រាំងយូវ)nter, ( |
| 300 ## - PHYSICAL DESCRIPTION | |
| Extent | 62p. |
| Other physical details | ill. |
| Dimensions | 29cm. |
| 942 ## - ADDED ENTRY ELEMENTS (KOHA) | |
| Source of classification or shelving scheme | |
| Koha item type | AGR |
No items available.